Click to Translate - Yiddish - Statistics

General Stats
  • This quiz has been taken 1,837 times
  • The average score is 13 of 20
Answer Stats
Hint Answer % Correct
Dog הונט (hunt)
82%
Bread ברויט (broyt)
81%
Make מאַכן (makhn)
80%
Tuesday דינסטיק (dinstik)
76%
Hear הערן (hern)
76%
Teacher לערער (lerer)
75%
Fourteen פערצן (fertsn)
74%
White ווייַס (vays)
71%
Coat מאַנטל (mantl)
70%
Grandmother באָבע (bobe)
69%
Table טיש (tish)
68%
Room צימער (tsimer)
68%
Tree בוים (boym)
65%
Teeth ציין (tseyn)
61%
Us אונדז (aundz)
55%
Train באַן (ban)
55%
Now איצט (itst)
55%
After נאָך (nokh)
52%
Opposite פאַרקערט (farkert)
45%
Why פארוואס (farvas)
45%
No matching quizzes found
Score Distribution
Percent of People with Each Score
Percentile by Number Answered
Your Score History
You have not taken this quiz